| 000 | 01241cam a22003374a 4500 | ||
|---|---|---|---|
| 001 | 16912606 | ||
| 005 | 20170105102919.0 | ||
| 008 | 110810s2012 enka b 001 0 eng | ||
| 010 | _a 2011033432 | ||
| 016 | 7 |
_a015371165 _2Uk |
|
| 020 | _a9780415779593 (hbk.) | ||
| 020 | _a0415779596 (hbk.) | ||
| 020 | _a9780415779609 (pbk.) | ||
| 035 | _a(OCoLC)ocn746619342 | ||
| 040 |
_aDLC _beng _cDLC _dYDX _dCDX _dYDXCP _dUKMGB _dDLC |
||
| 042 | _apcc | ||
| 050 | 0 | 0 |
_aJZ5534 _b.S56 2012 |
| 082 | 0 | 0 |
_a303.6/6 _223 |
| 100 | 1 |
_aSinger, J. David _q(Joel David), _d1925-2009. |
|
| 245 | 1 | 0 |
_aAdvancing peace research : _bleaving traces, selected articles by J. David Singer / _cedited by Jody B. Lear, Diane Macaulay and Meredith Reid Sarkees. |
| 260 |
_aAbingdon, Oxon ; _aNew York : _bRoutledge, _c2012. |
||
| 300 |
_axix, 292 p. : _bill. ; _c24 cm. |
||
| 504 | _aIncludes bibliographical references (p. [258]-282) and index. | ||
| 650 | 0 |
_aPeace _xResearch. |
|
| 700 | 1 | _aLear, Jody B. | |
| 700 | 1 | _aMacaulay, Diane. | |
| 700 | 1 |
_aSarkees, Meredith Reid, _d1950- |
|
| 906 |
_a7 _bcbc _corignew _d1 _eecip _f20 _gy-gencatlg |
||
| 942 |
_2ddc _cBK |
||
| 999 |
_c15508 _d15508 |
||